000 00617nam a2200181 a 4500
001 000029418
003 DO-SdBNP
005 20210630093432.0
008 110415s2003 dr 000 p spa d
040 _aDO-SdBNP
_bspa
_cBNPHU
082 _axxxx
_bP437m
100 1 _aPerelló, Ramón Lorenzo
_912381
245 1 0 _aMemorial poético :
_bpoemas de ayer y de hoy en honor a Joaquín Balaguer /
_cRamón Lorenzo Perelló ; introducción José Enrique Sued.
260 _aSanto Domingo :
_bEditora de Colores,
_c2003.
300 _a41 p. ;
_c21 cm.
700 1 _aSued, José Enrique,
_eintrod.
_956299
942 _2ddc
_cLBS1
999 _c28910
_d28910